[Event "SVK-chT 2122"]
[Site "Slovakia"]
[Date "2022.03.12"]
[Round "5.7"]
[White "Zpevak, Pavel"]
[Black "Spacek, Oliver"]
[Result "1-0"]
[WhiteElo "2358"]
[BlackElo "2228"]
[PlyCount "85"]
[EventDate "2021.10.23"]
[EventType "team-tourn"]
[EventRounds "11"]
[EventCountry "SVK"]
[SourceTitle "EXT 2023"]
[Source "ChessBase"]
[SourceDate "2022.10.05"]
[SourceVersion "1"]
[SourceVersionDate "2022.10.05"]
[SourceQuality "1"]
[WhiteTeam "Dubnica nad Vahom"]
[BlackTeam "Osuske"]
[WhiteTeamCountry "SVK"]
[BlackTeamCountry "SVK"]

1. d4 Nf6 2. c4 g6 3. Nc3 d5 4. Nf3 Bg7 5. Bg5 c6 6. e3 0-0 7. cxd5 cxd5 8. Bd3 Nc6 9. 0-0 h6 10. Bh4 a6 11. Rc1 Be6 12. h3 Nd7 13. Na4 Rc8 14. Qb3 b5 15. Nc5 Nxc5 16. Rxc5 g5 17. Bg3 Na5 18. Qa3 Qb6 19. Rfc1 Nc4 20. Qb4 f5 21. Rxc8 Bxc8 22. Be5 Nxe5 23. Nxe5 Bxe5 24. dxe5 Qe6 25. f4 Bd7 26. Rc7 Rc8 27. Qc5 Kf7 28. Bc2 Rxc7 29. Qxc7 Kg7 30. Kf2 Kf7 31. Ke1 Bc8 32. g4 Qd7 33. Qxd7 Bxd7 34. gxf5 e6 35. fxg5 hxg5 36. f6 Be8 37. Bd1 Bd7 38. Bh5+ Kg8 39. b4 Bc6 40. Bf3 Kh7 41. Kd2 Kg6 42. Bg4 d4 43. Bxe6 1-0

[Event "SVK-chT2A 2122"]
[Site "Slovakia"]
[Date "2021.11.14"]
[Round "4.2"]
[White "Vrbova, Niki"]
[Black "Spacek, Oliver"]
[Result "1/2-1/2"]
[WhiteElo "2131"]
[BlackElo "2231"]
[PlyCount "26"]
[EventDate "2021.10.16"]
[EventType "team-tourn"]
[EventRounds "11"]
[EventCountry "SVK"]
[SourceTitle "EXT 2023"]
[Source "ChessBase"]
[SourceDate "2022.10.05"]
[SourceVersion "1"]
[SourceVersionDate "2022.10.05"]
[SourceQuality "1"]
[WhiteTeam "Pezinok"]
[BlackTeam "Osuske II"]
[WhiteTeamCountry "SVK"]
[BlackTeamCountry "SVK"]

1. e4 c5 2. Nf3 a6 3. d4 cxd4 4. Nxd4 e6 5. Be2 Nf6 6. f3 Qc7 7. c4 Bd6 8. g3 h5 9. f4 Nxe4 10. Qd3 b5 11. 0-0 Bb7 12. cxb5 h4 13. g4 e5 1/2-1/2

[Event "Slovak Hybrid Teams"]
[Site "Tornelo INT"]
[Date "2021.05.13"]
[Round "1.1"]
[White "Spacek, Oliver"]
[Black "Hros, Roman"]
[Result "1/2-1/2"]
[WhiteElo "2228"]
[BlackElo "2221"]
[PlyCount "76"]
[EventDate "2021.05.13"]
[EventType "team-tourn"]
[EventRounds "5"]
[EventCountry "SVK"]
[SourceTitle "CBM 202 Extra"]
[Source "ChessBase"]
[SourceDate "2021.07.31"]
[SourceVersion "1"]
[SourceVersionDate "2021.07.31"]
[SourceQuality "1"]
[WhiteTeam "Trnava Region CF"]
[BlackTeam "Zilina Region CF"]
[WhiteTeamCountry "SVK"]
[BlackTeamCountry "SVK"]

1. d4 d5 2. c4 c6 3. Nf3 Nf6 4. e3 a6 5. b3 e6 6. Bd3 Be7 7. 0-0 0-0 8. Nbd2 b6 9. Bb2 Bb7 10. e4 dxe4 11. Nxe4 c5 12. Qe2 Nbd7 13. Rad1 Qc7 14. Ng3 Rfe8 15. a3 Rad8 16. Bc2 Qf4 17. Qe3 Bd6 18. Qxf4 Bxf4 19. Rfe1 Bc7 20. dxc5 bxc5 21. b4 Bc6 22. Ne4 Rb8 23. Bc3 Red8 24. Nxc5 Nxc5 25. bxc5 Bxf3 26. gxf3 Nd7 27. Bd4 Ba5 28. c6 Bxe1 29. Rxe1 Rbc8 30. cxd7 Rxd7 31. Bb2 Rd2 32. Rc1 Rxc4 33. Ba4 Rxc1+ 34. Bxc1 Rd4 35. Bb3 Rd3 36. Ba4 Rd4 37. Bb3 Rd3 38. Ba4 Rd4 1/2-1/2

[Event "SVK-chT1W 1920"]
[Site "Slovakia"]
[Date "2020.02.22"]
[Round "8.6"]
[White "Szabo, Viktor"]
[Black "Spacek, Oliver"]
[Result "0-1"]
[WhiteElo "1487"]
[BlackElo "2197"]
[PlyCount "60"]
[EventDate "2019.10.12"]
[EventType "team-tourn"]
[EventRounds "11"]
[EventCountry "SVK"]
[SourceTitle "CBM 195 Extra"]
[Source "ChessBase"]
[SourceDate "2020.05.31"]
[SourceVersion "1"]
[SourceVersionDate "2020.05.31"]
[SourceQuality "1"]
[WhiteTeam "Orechova Poton"]
[BlackTeam "Osuske"]
[WhiteTeamCountry "SVK"]
[BlackTeamCountry "SVK"]

1. c4 e5 2. e4 g6 3. Nc3 Bg7 4. Nf3 Nc6 5. d3 d6 6. h3 Nge7 7. Be3 f5 8. g3 0-0 9. Qc1 fxe4 10. Nd2 exd3 11. Bxd3 Nf5 12. Bxf5 Bxf5 13. Nce4 d5 14. cxd5 Qxd5 15. f3 Nd4 16. Bxd4 exd4 17. Qc4 Qxc4 18. Nxc4 Rae8 19. Ncd2 d3 20. 0-0-0 Bxe4 21. fxe4 Rf2 22. Rhe1 Bh6 23. b3 Re6 24. e5 Rc6+ 25. Kb1 Bxd2 26. Re4 Kf7 27. Rd4 Bc3 28. R4xd3 Rb2+ 29. Ka1 Bxe5 30. h4 Rxb3+ 0-1

[Event "SVK-chT2A 1920"]
[Site "Slovakia"]
[Date "2020.01.26"]
[Round "7.2"]
[White "Kucharek, Jaroslav"]
[Black "Spacek, Oliver"]
[Result "0-1"]
[WhiteElo "2059"]
[BlackElo "2218"]
[PlyCount "58"]
[EventDate "2019.10.26"]
[EventType "team-tourn"]
[EventRounds "11"]
[EventCountry "SVK"]
[SourceTitle "CBM 194 Extra"]
[Source "ChessBase"]
[SourceDate "2020.03.31"]
[SourceVersion "1"]
[SourceVersionDate "2020.03.31"]
[SourceQuality "1"]
[WhiteTeam "Skalica"]
[BlackTeam "Osuske II"]
[WhiteTeamCountry "SVK"]
[BlackTeamCountry "SVK"]

1. e4 c5 2. Nf3 e6 3. d4 cxd4 4. Nxd4 a6 5. Bd3 Bc5 6. Nb3 Be7 7. 0-0 Qc7 8. Be3 b6 9. f4 Bb7 10. Nc3 d6 11. g4 h6 12. Qf3 Nd7 13. Qf2 Ngf6 14. h3 g5 15. f5 e5 16. Qg2 Rc8 17. Kf2 b5 18. a3 Nb6 19. Bxb6 Qxb6+ 20. Kg3 d5 21. Rae1 Bd6 22. Qg1 Qxg1+ 23. Rxg1 Rxc3 24. bxc3 dxe4 25. Nd2 exd3 26. cxd3 Kd7 27. h4 e4+ 28. Kh3 exd3 29. Re3 Nd5 0-1

[Event "Skalica op"]
[Site "Skalica"]
[Date "2020.01.11"]
[Round "7"]
[White "Sahidi, Samir"]
[Black "Spacek, Oliver"]
[Result "1-0"]
[WhiteElo "2396"]
[BlackElo "2210"]
[PlyCount "77"]
[EventDate "2020.01.11"]
[EventType "swiss"]
[EventRounds "9"]
[EventCountry "SVK"]
[SourceTitle "CBM 194 Extra"]
[Source "ChessBase"]
[SourceDate "2020.03.31"]
[SourceVersion "1"]
[SourceVersionDate "2020.03.31"]
[SourceQuality "1"]

1. d4 Nf6 2. Nf3 d5 3. c4 dxc4 4. Nc3 c6 5. a4 Bf5 6. e3 e6 7. Bxc4 Nbd7 8. 0-0 Be7 9. h3 0-0 10. Nh4 Bg6 11. Nxg6 hxg6 12. e4 a6 13. Be3 b5 14. axb5 axb5 15. Bd3 Rxa1 16. Qxa1 Qa8 17. e5 Nd5 18. Nxd5 exd5 19. Rc1 Qb7 20. Qb1 c5 21. dxc5 Nxe5 22. Bf1 Bf6 23. Rd1 b4 24. b3 Rd8 25. Qc2 d4 26. Bf4 g5 27. Bxe5 Bxe5 28. Qf5 Bf6 29. Bd3 Kf8 30. Rc1 Rd5 31. Qf3 Rd7 32. c6 Qc7 33. Rc4 Re7 34. g3 Re1+ 35. Kg2 Re6 36. Be4 Rd6 37. Rxb4 d3 38. Rb7 Qc8 39. c7 1-0

[Event "Skalica op"]
[Site "Skalica"]
[Date "2020.01.11"]
[Round "8"]
[White "Spacek, Oliver"]
[Black "Sarmir, Milos"]
[Result "1-0"]
[WhiteElo "2210"]
[BlackElo "2060"]
[PlyCount "45"]
[EventDate "2020.01.11"]
[EventType "swiss"]
[EventRounds "9"]
[EventCountry "SVK"]
[SourceTitle "CBM 194 Extra"]
[Source "ChessBase"]
[SourceDate "2020.03.31"]
[SourceVersion "1"]
[SourceVersionDate "2020.03.31"]
[SourceQuality "1"]

1. d4 Nf6 2. c4 c6 3. Nf3 d5 4. e3 e6 5. Nbd2 Bd6 6. b3 0-0 7. Bb2 b6 8. Bd3 Bb7 9. 0-0 Nbd7 10. Ne5 c5 11. f4 dxc4 12. bxc4 Rc8 13. Qe2 Qe7 14. Rad1 g6 15. g4 Ne8 16. Nxd7 Qxd7 17. f5 exf5 18. gxf5 Nf6 19. d5 Nh5 20. Kh1 Rce8 21. Qxh5 Rxe3 22. Qh6 Be5 23. f6 1-0

[Event "SVK-chT2A 1920"]
[Site "Slovakia"]
[Date "2019.12.15"]
[Round "6.3"]
[White "Kundrik, Peter"]
[Black "Spacek, Oliver"]
[Result "1/2-1/2"]
[WhiteElo "2233"]
[BlackElo "2218"]
[PlyCount "65"]
[EventDate "2019.10.26"]
[EventType "team-tourn"]
[EventRounds "11"]
[EventCountry "SVK"]
[SourceTitle "CBM 194 Extra"]
[Source "ChessBase"]
[SourceDate "2020.03.31"]
[SourceVersion "1"]
[SourceVersionDate "2020.03.31"]
[SourceQuality "1"]
[WhiteTeam "Piestany Kupele"]
[BlackTeam "Osuske II"]
[WhiteTeamCountry "SVK"]
[BlackTeamCountry "SVK"]

1. e4 c5 2. Nf3 a6 3. c4 e6 4. Nc3 Qc7 5. d4 cxd4 6. Nxd4 Nf6 7. Be2 b6 8. 0-0 Bb7 9. Bd3 Nc6 10. Nxc6 Bxc6 11. Qe2 Bd6 12. Kh1 e5 13. Nd5 Bxd5 14. cxd5 b5 15. a4 bxa4 16. Rxa4 a5 17. Bd2 0-0 18. Rfa1 Rfc8 19. g3 Bc5 20. Rxa5 Rxa5 21. Rxa5 Rb8 22. Bc3 h5 23. h3 Bb4 24. Bxb4 Rxb4 25. Rb5 Rd4 26. Rb3 g6 27. Kg2 Kg7 28. Qe3 Qc5 29. Rb5 Qa7 30. Rb4 h4 31. g4 d6 32. f4 Qa1 33. Rxd4 1/2-1/2

[Event "SVK-chT1W 1920"]
[Site "Slovakia"]
[Date "2019.12.07"]
[Round "5.7"]
[White "Batora, Matej"]
[Black "Spacek, Oliver"]
[Result "1/2-1/2"]
[WhiteElo "2007"]
[BlackElo "2197"]
[PlyCount "66"]
[EventDate "2019.10.12"]
[EventType "team-tourn"]
[EventRounds "11"]
[EventCountry "SVK"]
[SourceTitle "CBM 193 Extra"]
[Source "ChessBase"]
[SourceDate "2020.01.31"]
[SourceVersion "1"]
[SourceVersionDate "2020.01.31"]
[SourceQuality "1"]
[WhiteTeam "Nitra NSK"]
[BlackTeam "Osuske"]
[WhiteTeamCountry "SVK"]
[BlackTeamCountry "SVK"]

1. d4 Nf6 2. Bf4 d6 3. e3 h6 4. h3 g5 5. Bh2 Bg7 6. Nf3 Bf5 7. Bd3 e6 8. Bxf5 exf5 9. Nc3 Ne4 10. Nxe4 fxe4 11. Nd2 d5 12. Qe2 c6 13. Bxb8 Rxb8 14. 0-0-0 Qe7 15. g4 a5 16. Nf1 a4 17. Ng3 a3 18. b3 Qe6 19. h4 Kd7 20. hxg5 hxg5 21. Nf5 Bf6 22. Qd2 b6 23. Qe2 b5 24. Qd2 Ra8 25. Rdf1 Be7 26. Qe1 f6 27. Rxh8 Rxh8 28. Rh1 Rxh1 29. Qxh1 Bb4 30. Qh7+ Kc8 31. Qa7 Qd7 32. Qa8+ Kc7 33. Kd1 Qc8 1/2-1/2

[Event "SVK-chT1W 1920"]
[Site "Slovakia"]
[Date "2019.11.10"]
[Round "4.6"]
[White "Bona, Juraj"]
[Black "Spacek, Oliver"]
[Result "1/2-1/2"]
[WhiteElo "1908"]
[BlackElo "2197"]
[PlyCount "35"]
[EventDate "2019.10.12"]
[EventType "team-tourn"]
[EventRounds "11"]
[EventCountry "SVK"]
[SourceTitle "CBM 193 Extra"]
[Source "ChessBase"]
[SourceDate "2020.01.31"]
[SourceVersion "1"]
[SourceVersionDate "2020.01.31"]
[SourceQuality "1"]
[WhiteTeam "Batorove Kosihy"]
[BlackTeam "Osuske"]
[WhiteTeamCountry "SVK"]
[BlackTeamCountry "SVK"]

1. e4 c5 2. c3 e6 3. d4 d5 4. exd5 exd5 5. Nf3 Bd6 6. dxc5 Bxc5 7. Bb5+ Nc6 8. 0-0 Nge7 9. Bg5 f6 10. Bf4 h5 11. Nbd2 a6 12. Be2 Be6 13. Nb3 Ba7 14. Nfd4 Bf7 15. Qd2 Qd7 16. Rac1 Ne5 17. Nf3 N5c6 18. Nbd4 1/2-1/2

[Event "SVK-chT2A 1920"]
[Site "Slovakia"]
[Date "2019.10.27"]
[Round "2.2"]
[White "Spacek, Oliver"]
[Black "Banas, Jan"]
[Result "1/2-1/2"]
[WhiteElo "2197"]
[BlackElo "2234"]
[PlyCount "117"]
[EventDate "2019.10.26"]
[EventType "team-tourn"]
[EventRounds "11"]
[EventCountry "SVK"]
[SourceTitle "CBM 193 Extra"]
[Source "ChessBase"]
[SourceDate "2020.01.31"]
[SourceVersion "1"]
[SourceVersionDate "2020.01.31"]
[SourceQuality "1"]
[WhiteTeam "Osuske II"]
[BlackTeam "Cifer"]
[WhiteTeamCountry "SVK"]
[BlackTeamCountry "SVK"]

1. d4 d6 2. e4 g6 3. Be2 Bg7 4. h4 Nf6 5. Nc3 c5 6. d5 h5 7. Nh3 Na6 8. f3 Nc7 9. Bf4 a6 10. a4 b6 11. Qd2 Bd7 12. Nf2 b5 13. g4 bxa4 14. g5 Nh7 15. Nxa4 Nb5 16. c3 0-0 17. Bg3 e6 18. dxe6 Bxe6 19. 0-0 Re8 20. f4 Nf8 21. Bf3 Bb3 22. Nd3 Qd7 23. Kh2 Bxa4 24. Rxa4 Nxc3 25. Rc4 Nb5 26. f5 Be5 27. Bxe5 dxe5 28. Qe3 Rad8 29. Rd1 Nd4 30. Rxc5 gxf5 31. Bxh5 Ng6 32. Bxg6 fxg6 33. Nxe5 Nf3+ 34. Qxf3 Qxd1 35. Qxd1 Rxd1 36. exf5 gxf5 37. Kg3 Rd4 38. h5 Rb8 39. h6 Rb3+ 40. Kf2 Rxb2+ 41. Kf3 Rb3+ 42. Ke2 Rd8 43. g6 Rb5 44. h7+ Kg7 45. Rc7+ Kf6 46. Rc6+ Kxe5 47. g7 Rb2+ 48. Ke1 Rbb8 49. Rxa6 Kf4 50. g8Q Rxg8 51. hxg8Q Rxg8 52. Kf2 Kg4 53. Ra4+ f4 54. Ra3 Rb8 55. Kf1 Rb2 56. Rc3 Rb1+ 57. Kf2 Rb2+ 58. Kf1 f3 59. Rc8 1/2-1/2

[Event "SVK-chT2A 1920"]
[Site "Slovakia"]
[Date "2019.10.26"]
[Round "1.2"]
[White "Sobek, Michal"]
[Black "Spacek, Oliver"]
[Result "0-1"]
[WhiteElo "2082"]
[BlackElo "2197"]
[PlyCount "66"]
[EventDate "2019.10.26"]
[EventType "team-tourn"]
[EventRounds "11"]
[EventCountry "SVK"]
[SourceTitle "CBM 193 Extra"]
[Source "ChessBase"]
[SourceDate "2020.01.31"]
[SourceVersion "1"]
[SourceVersionDate "2020.01.31"]
[SourceQuality "1"]
[WhiteTeam "Modra II"]
[BlackTeam "Osuske II"]
[WhiteTeamCountry "SVK"]
[BlackTeamCountry "SVK"]

1. e4 c5 2. Nf3 Nc6 3. c3 Nf6 4. e5 Nd5 5. d4 cxd4 6. cxd4 d6 7. exd6 Qxd6 8. Nc3 Nxc3 9. bxc3 g6 10. d5 Ne5 11. Bb5+ Bd7 12. Bf4 Bg7 13. Bxd7+ Kxd7 14. 0-0 Rhc8 15. Qa4+ Kd8 16. Ng5 Qd7 17. Qe4 Rc4 18. Qe3 Ng4 19. Qd2 Rac8 20. Rad1 Bxc3 21. Qe2 Qf5 22. Rfe1 Bxe1 23. Rxe1 e6 24. g3 Rxf4 25. dxe6 Rxf2 26. Rd1+ Ke7 27. Rd7+ Kf8 28. e7+ Ke8 29. Rd8+ Rxd8 30. exd8Q+ Kxd8 31. Qd1+ Ke7 32. Qe1+ Kf8 33. Qb4+ Kg8 0-1

[Event "SVK-chT1W 1819"]
[Site "Slovakia"]
[Date "2019.01.13"]
[Round "6.2"]
[White "Spacek, Oliver"]
[Black "Chovan, Milan"]
[Result "0-1"]
[WhiteElo "2198"]
[BlackElo "2321"]
[PlyCount "80"]
[EventDate "2018.10.27"]
[EventType "team-tourn"]
[EventRounds "11"]
[EventCountry "SVK"]
[SourceTitle "CBM 188 Extra"]
[Source "ChessBase"]
[SourceDate "2019.02.26"]
[SourceVersion "1"]
[SourceVersionDate "2019.02.26"]
[SourceQuality "1"]
[WhiteTeam "Trnava Sered"]
[BlackTeam "Nitra ASK"]
[WhiteTeamCountry "SVK"]
[BlackTeamCountry "SVK"]

1. c4 c5 2. Nc3 Nf6 3. g3 d5 4. cxd5 Nxd5 5. Bg2 Nc7 6. Nf3 Nc6 7. 0-0 e5 8. d3 Be7 9. Bd2 0-0 10. a4 Be6 11. Nb5 Nd5 12. Bc3 f6 13. Na3 Qd7 14. Nc4 Rab8 15. Nfd2 Rfd8 16. f4 exf4 17. gxf4 Nd4 18. Rf2 Bg4 19. Bxd5+ Qxd5 20. Ne3 Qe6 21. Nxg4 Qxg4+ 22. Kh1 Qe6 23. Nc4 b6 24. e3 Nc6 25. e4 Rb7 26. f5 Qd7 27. Rf3 Bd6 28. Rh3 Qe8 29. Qg4 Be5 30. Qh4 h6 31. Rg1 Kf8 32. Bd2 Rf7 33. Rxg7 Rxg7 34. Bxh6 Rdd7 35. Nxe5 Qxe5 36. Rg3 Kg8 37. Bxg7 Rxg7 38. Rg6 Ne7 39. Rxf6 Qxb2 40. Rg6 Nxg6 0-1

[Event "SVK-chT2A 1718"]
[Site "Slovakia"]
[Date "2018.03.17"]
[Round "10.4"]
[White "Vrtiakova, Anna"]
[Black "Spacek, Oliver"]
[Result "0-1"]
[WhiteElo "2020"]
[BlackElo "2207"]
[PlyCount "58"]
[EventDate "2017.10.28"]
[EventType "team-tourn"]
[EventRounds "11"]
[EventCountry "SVK"]
[SourceTitle "EXT 2020"]
[Source "ChessBase"]
[SourceDate "2019.10.17"]
[SourceVersion "1"]
[SourceVersionDate "2019.10.17"]
[SourceQuality "1"]
[WhiteTeam "Bratislava Doprastav II"]
[BlackTeam "Osuske II"]
[WhiteTeamCountry "SVK"]
[BlackTeamCountry "SVK"]

1. e4 c5 2. Nf3 e6 3. d4 cxd4 4. Nxd4 a6 5. Nc3 b5 6. Bd3 Qb6 7. Be3 Bc5 8. Nce2 Nf6 9. 0-0 Ng4 10. c3 Nxe3 11. fxe3 g6 12. b4 Be7 13. Qd2 Nc6 14. a4 bxa4 15. Nxc6 dxc6 16. Rxa4 0-0 17. c4 c5 18. b5 Bb7 19. Nc3 axb5 20. Rxa8 Bxa8 21. Nxb5 Bc6 22. Qc3 Rd8 23. Ra1 Rd7 24. Rf1 Qd8 25. Bc2 Bg5 26. e5 Rd2 27. Rf2 Rd1+ 28. Rf1 Qd2 29. e4 Be3+ 0-1

[Event "SVK-chT 1718"]
[Site "Slovakia"]
[Date "2018.03.02"]
[Round "9.5"]
[White "Federic, Jozef"]
[Black "Spacek, Oliver"]
[Result "1-0"]
[WhiteElo "2271"]
[BlackElo "2250"]
[PlyCount "125"]
[EventDate "2017.09.30"]
[EventType "team-tourn"]
[EventRounds "11"]
[EventCountry "SVK"]
[SourceTitle "EXT 2019"]
[Source "ChessBase"]
[SourceDate "2018.10.10"]
[SourceVersion "1"]
[SourceVersionDate "2018.10.10"]
[SourceQuality "1"]
[WhiteTeam "Modra"]
[BlackTeam "Osuske"]
[WhiteTeamCountry "SVK"]
[BlackTeamCountry "SVK"]

1. d4 Nf6 2. Nf3 g6 3. g3 Bg7 4. Bg2 0-0 5. 0-0 d6 6. b3 c6 7. Bb2 a5 8. a4 Na6 9. Nbd2 Bf5 10. Nh4 d5 11. Nxf5 gxf5 12. Nf3 Rc8 13. Ne5 e6 14. e3 Re8 15. c4 Nb4 16. Ba3 b6 17. Rc1 Nd7 18. Nxd7 Qxd7 19. Qd2 Bf8 20. Bb2 dxc4 21. Rxc4 b5 22. Rcc1 h6 23. Rfd1 Red8 24. axb5 cxb5 25. Rxc8 Rxc8 26. d5 Bg7 27. dxe6 Qxe6 28. Bxg7 Kxg7 29. Qd4+ Qf6 30. Qxf6+ Kxf6 31. Ra1 a4 32. bxa4 bxa4 33. Rxa4 Rc1+ 34. Bf1 Nd3 35. Kg2 Ne1+ 36. Kh3 Nf3 37. Bd3 Rg1 38. Ra6+ Kg7 39. Bxf5 Ng5+ 40. Kg4 Rg2 41. f4 Nh7 42. Bxh7 Kxh7 43. h3 Re2 44. Kf3 Rb2 45. g4 Rh2 46. Kg3 Re2 47. Ra3 Kg7 48. h4 Re1 49. h5 Rf1 50. Ra2 Kf6 51. e4 Rb1 52. e5+ Kg7 53. Kf3 Rb4 54. Ra7 Rb6 55. Ke4 Kf8 56. Rd7 Kg7 57. f5 Rb4+ 58. Rd4 Rb1 59. Kd5 Rb5+ 60. Kd6 Rb6+ 61. Ke7 Rb5 62. f6+ Kh7 63. e6 1-0

[Event "SVK-chT4 A21 1718"]
[Site "Slovakia"]
[Date "2018.01.28"]
[Round "8.1"]
[White "Spacek, Oliver"]
[Black "Slaba, Andrea"]
[Result "1-0"]
[WhiteElo "2215"]
[BlackElo "1921"]
[PlyCount "89"]
[EventDate "2017.10.01"]
[EventType "team-tourn"]
[EventRounds "11"]
[EventCountry "SVK"]
[SourceTitle "EXT 2019"]
[Source "ChessBase"]
[SourceDate "2018.10.10"]
[SourceVersion "1"]
[SourceVersionDate "2018.10.10"]
[SourceQuality "1"]
[WhiteTeam "Senica CVC II"]
[BlackTeam "Chtelnica Kamenar"]
[WhiteTeamCountry "SVK"]
[BlackTeamCountry "SVK"]

1. d4 Nf6 2. Nf3 d5 3. c4 e6 4. g3 g6 5. Bg2 Bg7 6. 0-0 0-0 7. Nc3 c6 8. Qd3 Nbd7 9. Bf4 dxc4 10. Qxc4 Nb6 11. Qd3 Nfd5 12. Bg5 f6 13. Bf4 Nxf4 14. gxf4 Nd5 15. e3 Bd7 16. Rac1 Re8 17. Ne4 Bc8 18. Rfd1 Qc7 19. h4 Rd8 20. Qc4 Qf7 21. a3 Bf8 22. Qe2 Qe8 23. Ng3 Bd7 24. h5 Bd6 25. Nd2 Be7 26. Qf3 Bd6 27. Nde4 Be7 28. Nc5 Bxc5 29. dxc5 f5 30. Rc4 e5 31. fxe5 Qxe5 32. Rcd4 Nf6 33. e4 fxe4 34. Nxe4 Nd5 35. Rxd5 cxd5 36. Rxd5 Qe7 37. Nf6+ Kg7 38. Rd6 Bf5 39. hxg6 Bxg6 40. Qc3 Kf8 41. Nd7+ Kg8 42. Bd5+ Bf7 43. Nf6+ Kf8 44. Nxh7+ Kg8 45. Rg6+ 1-0

[Event "SVK-ch U18/20"]
[Site "Liptovsky Mikulas"]
[Date "2017.04.26"]
[Round "7"]
[White "Spacek, Oliver"]
[Black "Karas, Marek"]
[Result "0-1"]
[WhiteElo "2207"]
[BlackElo "2306"]
[PlyCount "78"]
[EventDate "2017.04.22"]
[EventType "swiss"]
[EventRounds "9"]
[EventCountry "SVK"]
[SourceTitle "CBM 178 Extra"]
[Source "ChessBase"]
[SourceDate "2017.06.22"]
[SourceVersion "1"]
[SourceVersionDate "2017.06.22"]
[SourceQuality "1"]

1. Nf3 Nf6 2. c4 e6 3. e3 b6 4. Be2 Bb7 5. b3 Be7 6. 0-0 0-0 7. Bb2 c5 8. d4 cxd4 9. Nxd4 Nc6 10. Nc3 Nxd4 11. Qxd4 Qc7 12. Rfd1 Qc5 13. Qf4 Rfd8 14. Nb5 Ne8 15. Bd4 Qc8 16. Bh5 Nf6 17. Bxf6 Bxf6 18. Bxf7+ Kh8 19. Rac1 Qc6 20. Qg3 a6 21. Nd6 Be5 22. Bxe6 Rf8 23. Qh3 dxe6 24. Nxb7 Qxb7 25. Qxe6 Rae8 26. Qd5 Qe7 27. g3 Qf6 28. Qg2 Bd6 29. Rd5 Bc5 30. Rcd1 a5 31. g4 Qb2 32. R5d2 Qa3 33. Qg3 a4 34. Rb1 Qb4 35. Rd3 Re6 36. h3 Ref6 37. Rb2 Rf3 38. Qg2 Qe1+ 39. Qf1 Rg3+ 0-1

[Event "SVK-ch U18/20"]
[Site "Liptovsky Mikulas"]
[Date "2017.04.25"]
[Round "6"]
[White "Lintner, Igor"]
[Black "Spacek, Oliver"]
[Result "0-1"]
[WhiteElo "2234"]
[BlackElo "2207"]
[PlyCount "76"]
[EventDate "2017.04.22"]
[EventType "swiss"]
[EventRounds "9"]
[EventCountry "SVK"]
[SourceTitle "CBM 178 Extra"]
[Source "ChessBase"]
[SourceDate "2017.06.22"]
[SourceVersion "1"]
[SourceVersionDate "2017.06.22"]
[SourceQuality "1"]

1. e4 c5 2. Nf3 d6 3. d4 cxd4 4. Nxd4 Nf6 5. Nc3 Nc6 6. Nb3 a6 7. a4 g6 8. Be2 Bg7 9. g4 Be6 10. Be3 d5 11. Nd4 Nxd4 12. Bxd4 dxe4 13. g5 Nh5 14. Bxg7 Nxg7 15. Qxd8+ Rxd8 16. Nxe4 Bd5 17. Bf3 Bc6 18. 0-0 Ne6 19. Rfe1 h6 20. gxh6 f5 21. Nc3 Nd4 22. Bxc6+ bxc6 23. Red1 Rxh6 24. a5 e5 25. Kg2 Ke7 26. Na4 Rdh8 27. Rh1 f4 28. f3 Nxc2 29. Rac1 Ne3+ 30. Kg1 Rd8 31. Kf2 g5 32. b4 Rd2+ 33. Ke1 Rhd6 34. Nc3 R6d3 35. Ne4 Nc2+ 36. Kf1 Rxf3+ 37. Kg1 Re2 38. Nxg5 Ne3 0-1

[Event "SVK-ch U18/20"]
[Site "Liptovsky Mikulas"]
[Date "2017.04.25"]
[Round "5"]
[White "Spacek, Oliver"]
[Black "Molnar, Erno"]
[Result "1/2-1/2"]
[WhiteElo "2207"]
[BlackElo "2212"]
[PlyCount "48"]
[EventDate "2017.04.22"]
[EventType "swiss"]
[EventRounds "9"]
[EventCountry "SVK"]
[SourceTitle "CBM 178 Extra"]
[Source "ChessBase"]
[SourceDate "2017.06.22"]
[SourceVersion "1"]
[SourceVersionDate "2017.06.22"]
[SourceQuality "1"]

1. e4 e5 2. Nf3 Nc6 3. Bb5 a6 4. Ba4 Nf6 5. 0-0 Be7 6. Re1 b5 7. Bb3 0-0 8. c3 d6 9. h3 Na5 10. Bc2 c5 11. d4 Qc7 12. Nbd2 cxd4 13. cxd4 Nc6 14. Nf1 exd4 15. Bf4 Nd7 16. Rc1 Qb6 17. e5 Ndxe5 18. Be4 Bb7 19. Bxc6 Bxc6 20. Nxd4 Bb7 21. Nf5 Rfe8 22. Nxe7+ Rxe7 23. Ne3 Rae8 24. Rf1 Re6 1/2-1/2

[Event "SVK-chT2A 1617"]
[Site "Slovakia"]
[Date "2017.03.11"]
[Round "10.2"]
[White "Spacek, Oliver"]
[Black "Takacs, Laszlo"]
[Result "1-0"]
[WhiteElo "2211"]
[BlackElo "2208"]
[PlyCount "67"]
[EventDate "2016.10.08"]
[EventType "team-tourn"]
[EventRounds "11"]
[EventCountry "SVK"]
[SourceTitle "EXT 2018"]
[Source "ChessBase"]
[SourceDate "2017.10.13"]
[SourceVersion "1"]
[SourceVersionDate "2017.10.13"]
[SourceQuality "1"]
[WhiteTeam "Osuske II"]
[BlackTeam "Potonska Veza"]
[WhiteTeamCountry "SVK"]
[BlackTeamCountry "SVK"]

1. e4 c5 2. c3 Nf6 3. e5 Nd5 4. Nf3 e6 5. c4 Nb6 6. b3 Nc6 7. Bb2 Be7 8. Nc3 f6 9. Ne4 fxe5 10. Nxe5 Nxe5 11. Bxe5 0-0 12. Qg4 Rf7 13. Nd6 Bxd6 14. Bxd6 Qf6 15. Rc1 Qxf2+ 16. Kd1 Qf5 17. Qh4 g5 18. Qg3 e5 19. Bxe5 d5 20. cxd5 Nxd5 21. Be2 Be6 22. h4 g4 23. h5 Rd8 24. Rxc5 Qb1+ 25. Rc1 Qxa2 26. Ra1 Ne3+ 27. Qxe3 Qxb3+ 28. Qxb3 Bxb3+ 29. Ke1 a6 30. Rh4 Rf5 31. d4 Kf7 32. Rc1 Rg5 33. Rxg4 Rxg4 34. Bxg4 1-0

[Event "SVK-chT3A2 1617"]
[Site "Slovakia"]
[Date "2017.02.19"]
[Round "9.1"]
[White "Liptak, Dusan"]
[Black "Spacek, Oliver"]
[Result "0-1"]
[WhiteElo "2127"]
[BlackElo "2100"]
[PlyCount "42"]
[EventDate "2016.10.16"]
[EventType "team-tourn"]
[EventRounds "11"]
[EventCountry "SVK"]
[SourceTitle "EXT 2020"]
[Source "ChessBase"]
[SourceDate "2019.10.17"]
[SourceVersion "1"]
[SourceVersionDate "2019.10.17"]
[SourceQuality "1"]
[WhiteTeam "Cifer"]
[BlackTeam "Senica CVC"]
[WhiteTeamCountry "SVK"]
[BlackTeamCountry "SVK"]

1. d4 Nf6 2. c4 c5 3. d5 b5 4. cxb5 a6 5. e3 g6 6. Nc3 Bg7 7. Nf3 0-0 8. e4 d6 9. h3 axb5 10. e5 dxe5 11. Bxb5 e4 12. Ne5 Bb7 13. Nc6 Qc7 14. Nxb8 Raxb8 15. Bc4 Rfd8 16. Qe2 Nxd5 17. Nxe4 Nf4 18. Bxf4 Qxf4 19. Nxc5 Bxg2 20. Rg1 Rxb2 21. Bxf7+ Kh8 0-1